000 00753cam a2200229 a 4500
001 000007492
005 20200929154205.0
008 780720s1982 sp b 001 e spa
020 _a8420619000
040 _aDO-SdBNP
_bspa
_cDLC
_dBNGR
082 _a864.44
_bS266p
100 1 _aSavater, Fernando
_q(Fernando Fernández-Savater Martín),
_d1947-
_920811
245 1 0 _aPanfleto contra el todo /
_cFernando Savater.
260 _aMadrid :
_bAlianza, ,
_c1982.
300 _a200 p. ;
_c18 cm.
490 0 _aEl libro de bolsillo
_v900
_aHumanidades
650 4 _aEnsayos españoles
_93095
650 4 _aLiteratura española
_ySIGLO XX
_93326
830 0 _aEl libro de bolsillo ;
_v900
_pHumanidaes
_920812
910 _aCatalogación derivada
049 _aBNGR
999 _c7273
_d7273